Identity theft handbook -(E-BOOK) (Record no. 192927)
[ view plain ]
| 000 -LEADER | |
|---|---|
| fixed length control field | 01520 a2200253 4500 |
| 003 - CONTROL NUMBER IDENTIFIER | |
| control field | Nust |
| 005 - DATE AND TIME OF LATEST TRANSACTION | |
| control field | 20170207154047.0 |
| 010 ## - LIBRARY OF CONGRESS CONTROL NUMBER | |
| LC control number | 2008037343 |
| 020 ## - INTERNATIONAL STANDARD BOOK NUMBER | |
| International Standard Book Number | 0470179996 (cloth) |
| 020 ## - INTERNATIONAL STANDARD BOOK NUMBER | |
| International Standard Book Number | 9780470179994 (cloth) |
| 035 ## - SYSTEM CONTROL NUMBER | |
| System control number | (OCoLC)243547671 |
| 035 ## - SYSTEM CONTROL NUMBER | |
| System control number | (OCoLC)ocn243547671 |
| 040 ## - CATALOGING SOURCE | |
| Transcribing agency | Nust |
| 082 00 - DEWEY DECIMAL CLASSIFICATION NUMBER | |
| Classification number | 332.024 |
| 100 1# - MAIN ENTRY--PERSONAL NAME | |
| Personal name | Biegelman, Martin T. |
| 245 10 - TITLE STATEMENT | |
| Title | Identity theft handbook -(E-BOOK) |
| Statement of responsibility, etc. | Martin T. Biegelman. |
| 260 ## - PUBLICATION, DISTRIBUTION, ETC. | |
| Place of publication, distribution, etc. | Hoboken, N.J. : |
| Name of publisher, distributor, etc. | Wiley, |
| Date of publication, distribution, etc. | c2009. |
| 300 ## - PHYSICAL DESCRIPTION | |
| Extent | xxiv, 349 p. ; |
| Dimensions | 26 cm. |
| 505 ## - FORMATTED CONTENTS NOTE | |
| Formatted contents note | The Identity Theft Explosion (Page-1) Game Of The Name: How It All Began (Page-13) How Identity Theft Occurs(Page-27) Student Loan Fraud And The Theft Of Identity (Page-45) Nigerian Criminal Enterprises (Page-57)Methamphetamine, The Mails, And Check Washing (Page-73) The Violent Side Of Identity Theft (Page-85) Medical Identity Theft (Page-97) Legislation And Criminal Statutes (Page-129) Law Enforcement Efforts (Page-151) Victims And Victimization(Page-177) The Rich, The Famous, And The Dead Get No Peace (Page-205) Identity Theft Goes Global (Page-221) Privacy And Data Breaches(Page-239) Identity Theft Research (Page-263) The Center For Identity Management (Page-277) Preventing Identity Theft: 21 Rules You Must Use (Page-295) Future Of Identity Theft (Page-313 |
| 650 #0 - SUBJECT ADDED ENTRY--TOPICAL TERM | |
| Topical term or geographic name entry element | Identity theft |
| Geographic subdivision | United States |
| General subdivision | Prevention. |
| 650 #0 - SUBJECT ADDED ENTRY--TOPICAL TERM | |
| Topical term or geographic name entry element | Identity theft |
| Geographic subdivision | United States. |
| 651 ## - SUBJECT ADDED ENTRY--GEOGRAPHIC NAME | |
| Geographic name | E-BOOK |
| 856 41 - ELECTRONIC LOCATION AND ACCESS | |
| Materials specified | Table of contents only |
| Uniform Resource Identifier | <a href="http://www.loc.gov/catdir/toc/ecip0826/2008037343.html">http://www.loc.gov/catdir/toc/ecip0826/2008037343.html</a> |
| 942 ## - ADDED ENTRY ELEMENTS (KOHA) | |
| Source of classification or shelving scheme | |
| Koha item type | Book |
| Withdrawn status | Lost status | Source of classification or shelving scheme | Damaged status | Not for loan | Collection code | Permanent Location | Current Location | Date acquired | Total Checkouts | Full call number | Barcode | Date last seen | Price effective from | Koha item type |
|---|---|---|---|---|---|---|---|---|---|---|---|---|---|---|
| Military College of Signals (MCS) | Military College of Signals (MCS) | 12/12/2016 | 332.024 BIE | MCSEB-2320 | 12/08/2016 | 12/12/2016 | Book |
